[Event "Arco op 32nd"]
[Site "Arco"]
[Date "2010.10.17"]
[Round "2"]
[White "De Bettin, Sergio"]
[Black "Leutwyler, Martin"]
[Result "0-1"]
[WhiteElo "1825"]
[BlackElo "2168"]
[PlyCount "34"]
[EventDate "2010.10.16"]
[EventType "swiss"]
[EventRounds "9"]
[EventCountry "ITA"]
[SourceTitle "EXT 2024"]
[Source "ChessBase"]
[SourceDate "2023.10.10"]
[SourceVersion "1"]
[SourceVersionDate "2023.10.10"]
[SourceQuality "1"]

1. e4 Nf6 2. e5 Nd5 3. d4 d6 4. c3 Nc6 5. Nf3 g6 6. Bb5 a6 7. Bxc6+ bxc6 8. Ng5 Bg7 9. Qa4 Bd7 10. e6 fxe6 11. Nxe6 Bxe6 12. Qxc6+ Kf7 13. Qa4 Rf8 14. 0-0 Kg8 15. Qd1 Nf4 16. Be3 Qd7 17. Qd2 Nxg2 0-1